O dono de tudo (Registo nº 4679)

Detalhes MARC
000 -Etiqueta do registo
Cabeçalho 00813nam0a2200265 4500
005 - Identificador da versão
Campo de controlo 20240813122109.0
010 ## - Número internacional normalizado dos livros (ISBN)
Número (ISBN) 9782414119
021 ## - Número do Depósito Legal
Código do país PT
Número 231150/06
100 ## - Dados gerais de processamento
Dados gerais de processamento 20190507d2006 cd y0pory5003 ba
102 ## - Pais de publicação ou produção
País de publicação Portugal
101 0# - Língua de publicação
Língua do texto, banda sonora, etc. Português
215 ## - Descrição física 
Indicação específica da natureza do documento e extensão da espécie [28] p.
Outras indicações físicas il. color
200 1# - Titulo e menção de responsabilidade
Título próprio O dono de tudo
Primeira menção de responsabilidade Orlando Strecht-Ribeiro, António Almeida
Outras menções de responsabilidade il. Nadine Mesquita
210 ## - Publicação, Distribuição, etc. 
Lugar da edição, distribuição, etc. [Lisboa]
Nome do editor, distribuidor, etc. Livros Horizonte
Data da publicação, distribuição, etc. cop. 2006
300 ## - Notas gerais 
Texto da nota PNL
606 ## - Nome comum usado como assunto
Número de registo de entrada de autoridade 0001335
Palavra de ordem Literatura portuguesa
Subdivisão de assunto Conto
Código do sistema CA
675 ## - Classificação Decimal Universal (CDU)
Notação 821.134.3-34
Edição 3ª ed.
Língua da edição por
702 #1 - Nome de autor-pessoa física (responsabilidade secundária)
Número de registo de entrada de autoridade 0002122
Palavra de ordem Mesquita
Outra parte do nome não tomada para palavra de ordem Nadine
Código de função Ilustrador / Técnico de desenho computorizado
701 #1 - Nome de autor-pessoa física (co-responsabilidade principal)
Palavra de ordem Almeida
Outra parte do nome não tomada para palavra de ordem António
Elementos de identificação ou distinção e outro
Datas 1963-
Código de função Autor / Co-autor
700 #1 - Nome de autor-pessoa física (responsabilidade principal)
Número de registo de entrada de autoridade 0002123
Palavra de ordem Strecht-Ribeiro
Outra parte do nome não tomada para palavra de ordem Orlando
Elementos de identificação ou distinção e outro
966 ## - Identificação da Biblioteca
Sigla EBVEN
942 ## - Elementos de entrada adicionados (Koha)
Tipo de item no Koha Livro
Exemplares
Situação do levantamento Origin of item (home branch) (coded) Biblioteca de empréstimo Código de barras Cota Circulation type (not for loan) Tipo de documento Nota do exemplar Damaged status
  Biblioteca Escolar das Vendas Biblioteca Escolar das Vendas BEV1538 8POR STR PNL   Livro Sem mensagem